000 00654nam a22002417a 4500
003 UA-OsUOA
001 95474
007 ta
008 20130228b un ||||| |||| 00| 0 ukr d
100 _aКокин Л. М.
090 _a821.161.1
_bК59
942 _cBK
040 _aUA-OsUOA
_brus
_cUA-OsUOA
_dUA-OsUOA
245 _aЗову живых
300 _a423 с.
955 _a3
041 _arus
080 _a821.161.1
260 _aМ.
_bПолитиздат
_c1981
246 3 1 _aПовесть о Михаиле Петрашевском
_n
650 7 _a82 Література. Літературознавство
_2UDC
999 _c381722
_d381722